000 01289cam a22002174a 4500
005 20250605163942.0
008 250528s ||||||||||||||||||||||||d
035 _a15064
020 _a256167044
040 _aGR-AtMCL
_bgre
_dGR-AtMCL
_eAACR2
245 1 _aFinancial Statement Analysis / Theory, Application and Interpretation: Sixth Edition
250 _a6th
260 _bIrwin Mcgraw-Hill,
_c1998
300 _a832
520 _aA state-of-the-art book that gives the reader a competitive advantage in today's demanding market. Financial Statement Analysis and Reporting, Overview of Financial Statement Analysis, Analysis Objectives and Financial Reporting, Accounting Analysis of Financial Statements, Analyzing Financing Activities, Analyzing Investing Activities, Analyzing Investing Activities: Special Topics, Analyzing Operating Activities: Income, Analyzing Business Activities: Cash Flows, Financial Analysis Application and Interpretation, Short-Term Liquidity, Forecasting and Pro Forma Analysis, Capital Structure and Solvency, Return on Invested Capital, Profitability Analysis, Earnings-Based Analysis and Valuation, References, Index.
700 1 _aBernstein Leopold A.
_9900
700 1 _aWild John J
_9901
942 _cBK
999 _c663
_d663